000 00953nam a2200205Ia 4500
003 Ost
005 20260507075020.0
008 260507s9999||||xx |||||||||||||| ||und||
040 _cfsecg
041 _aara
082 _a650
100 _aحسين، أحمد حسين علي
_eمؤلف
245 0 _aنظم المعلومات المحاسبية :
_bالإطار الفكري والنظم التطبيقية النظام اليدوي-تحليل وتصميم النظام-نظام المحاسبة /
_c أحمد حسين علي حسين
260 _aالإسكندرية:
_bالدار الجامعية,
_c2003
300 _a416 صفحة؛
_c24 سم
520 _aنظم المعلومات المحاسبي اليدوي-تحليل وتصميم وتنفيذ النظم-نظام المحاسبي في بيئة المحاسبة
653 _aالمحاسبة
653 _aنظم المعلومات- المؤسسة الممتدة
942 _cكتاب
999 _c42259
_d42259